000 00664nam a22001937a 4500
003 UA-OsUOA
001 11906
007 ta
008 20050420b un ||||| |||| 00| 0 ukr d
100 _aЄдін О.
700 _aГурнак В.
942 _cSA
040 _aUA-OsUOA
_cUA-OsUOA
_dUA-OsUOA
245 _aЕкономіко- технологічні підойми підвищення ефективності роботи транспортного комплексу держави
300 _aС.29-35
955 _a0
773 0 _w0
_tЕкономіка України
_dКиїв
_d2005
_g№4
650 7 _aЗалізничний транспорт
_2UDC
999 _c298067
_d298067